Espoon kaupunginosat - Statistics

Yleistilastot
  • Tätä visaa on pelattu 142 kertaa
  • Keskiarvotulos 27 / 56
Vastaustilastot
Kaupunginosa % Oikein
Tapiola
88%
Leppävaara
86%
Espoon keskus
85%
Matinkylä
85%
Kilo
76%
Espoonlahti
75%
Olari
74%
Westend
71%
Nuuksio
70%
Otaniemi
70%
Mankkaa
69%
Haukilahti
66%
Kauklahti
65%
Niittykumpu
65%
Soukka
64%
Laajalahti
63%
Lintuvaara
59%
Pohjois-Tapiola
56%
Järvenperä
53%
Saunalahti
53%
Kaitaa
49%
Kalajärvi
49%
Niipperi
49%
Suvisaaristo
49%
Laaksolahti
48%
Viherlaakso
48%
Henttaa
46%
Karakallio
45%
Latokaski
45%
Nöykkiö
45%
Bodom
44%
Lippajärvi
43%
Muurala
39%
Röylä
38%
Vanhakartano
38%
Espoonkartano
36%
Kurttila
36%
Vanttila
36%
Lahnus
34%
Perusmäki
34%
Vanha-Nuuksio
34%
Gumböle
31%
Nupuri
31%
Sepänkylä
31%
Velskola
31%
Ämmäsuo
30%
Högnäs
30%
Karhusuo
30%
Kolmperä
30%
Kaupunginkallio
29%
Kuurinniitty
29%
Siikajärvi
29%
Lakisto
28%
Kunnarla
26%
Luukki
25%
Karvasmäki
21%
Ehtoja vastaavia visoja ei löytynyt
Tulosjakauma
Jokaisen tuloksen saaneiden osuus
Persentiili vastausten määrän mukaan
Tuloshistoriasi
Et ole pelannut tätä visaa